Sports Quiz

Random Sports or NBA Quiz
Score 0/50 Timer 05:00
18 Plays Today
Salary Player % Correct
$30.5 MKobe Bryant
98.8%
$19.1 MLeBron James
96.7%
$21.4 MCarmelo Anthony
95.1%
$18.7 MDwyane Wade
92.3%
$22.7 MDirk Nowitzki
92%
$17.8 MKevin Durant
90.8%
$19.1 MChris Bosh
89.9%
$18.7 MChris Paul
89.2%
$19.3 MPau Gasol
87.1%
$14.9 MMarc Gasol
86.7%
$17.6 MDerrick Rose
86.1%
$12.0 MDavid West
85.7%
$14.7 MRussell Westbrook
85.6%
$16.4 MBlake Griffin
84%
$20.5 MDwight Howard
82.3%
$12.4 MKevin Garnett
82.2%
$15.3 MPaul Pierce
82%
$13.7 MJames Harden
80.7%
$18.5 MDeron Williams
77.3%
$21.5 MJoe Johnson
74.7%
$21.7 MAmar'e Stoudemire
72.5%
$14.7 MKevin Love
72.1%
$14.7 MBrook Lopez
70.9%
$14.9 MLaMarcus Aldridge
68.4%
$18.2 MZach Randolph
67.8%
Salary Player % Correct
$11.1 MJoakim Noah
66.5%
$12.5 MTony Parker
58.3%
$13.5 MJosh Smith
56.8%
$12.0 MRajon Rondo
55.8%
$14.3 MRoy Hibbert
55.7%
$15.3 MCarlos Boozer
55%
$17.9 MRudy Gay
53.1%
$13.9 MDavid Lee
49.4%
$14.1 MTyson Chandler
45.6%
$12.4 MSerge Ibaka
44.2%
$14.0 MAndrew Bogut
43.8%
$14.0 MDanny Granger
42.6%
$13.5 MAl Jefferson
41.8%
$11.0 MRichard Jefferson
41.3%
$14.3 MLuol Deng
41.3%
$12.0 MAl Horford
40.2%
$14.3 MEric Gordon
36.1%
$13.2 MBen Gordon
36%
$12.9 MAndre Iguodala
34.7%
$13.0 MNene Hilario
27.5%
$11.3 MNicolas Batum
26.8%
$12.1 MNikola Pekovic
18.6%
$14.5 MEmeka Okafor
16.5%
$11.9 MAndrea Bargnani
14.7%
$12.0 MKris Humphries
12.4%
Remove Ads.
Support Sporcle.
Get the best of Sporcle when you Go Orange. This ad-free experience offers more features, more stats, and more fun while also helping to support Sporcle. Thank you for becoming a member.

You're not logged in!

Compare scores with friends on all Sporcle quizzes.
OR
Log In

Show Comments

Extras

Top Quizzes Today


Score Distribution

Your Account Isn't Verified!

In order to create a playlist on Sporcle, you need to verify the email address you used during registration. Go to your Sporcle Settings to finish the process.

Report this User

Report this user for behavior that violates our Community Guidelines.

Details: